Robust aeroservoelastic stability analysis : flight test applications
Αποθηκεύτηκε σε:
| Κύριος συγγραφέας: | |
|---|---|
| Άλλοι συγγραφείς: | |
| Μορφή: | Βιβλίο |
| Γλώσσα: | English |
| Δημοσίευση: |
London :
Springer,
c1999
|
| Σειρά: | Advances in industrial control
|
| Θέματα: | |
| Ετικέτες: |
Προσθήκη ετικέτας
Δεν υπάρχουν, Καταχωρήστε ετικέτα πρώτοι!
|
MARC
| LEADER | 00000nam a2200000 i 4500 | ||
|---|---|---|---|
| 001 | 1/15663 | ||
| 008 | 010122s1999 eng d | ||
| 020 | |a 1-85233-096-1 | ||
| 035 | |l 10065493 | ||
| 040 | |a GR-MY-UA |b gre |e aacr | ||
| 041 | 0 | |a eng | |
| 082 | 0 | |a 629.132362015118 | |
| 100 | 1 | |a Lind, Rick |d 1968- | |
| 245 | 1 | 0 | |a Robust aeroservoelastic stability analysis : |b flight test applications / |c Rick Lind and Marty Brenner |
| 260 | |a London : |b Springer, |c c1999 | ||
| 300 | |a xv, 204 p.; |b ill.; |c 24 cm. | ||
| 490 | 1 | |a Advances in industrial control | |
| 504 | |a Includes bibliographical references and index | ||
| 650 | 0 | 0 | |a Stability of airplanes |x Mathematical models. |
| 650 | 0 | 0 | |a Aeroelasticity. |
| 700 | 1 | |a Brenner, Marty |d 1955- | |
| 830 | 0 | |a Advances in industrial control | |
| 852 | |a INST |b SYROS |e 20010122 |h 629.132362015118 LIN |p 005500001770 |q 005500001770 |t BK |y 0 | ||
| 901 | |a BIBL5-2001-1 | ||
| 909 | |a Ε |b 084587 | ||
| 922 | |a 5ΕΛΗ |b 200012 |c ΓΡΑΦΙΚΩΝ ΤΕΧΝΩΝ |d ΜΙΧΑΛΟΠΟΥΛΟΣ | ||
| 950 | |a 183-2000-12-07 | ||
| 970 | |a ΚΟΝΤΟΥ |b ΠΑΡΑΣΚΕΥΗ |z 2001/02/12 | ||